000 00328nam a22001337a 4500
020 _a0-00-675323-x
082 _a823
_bAYT/H
100 _aKAREN WALLACE, RUSSEL AYTO
245 _aA HICCUP ON THE HIGH SEAS
260 _aUNITED KINGDOM
_bCOLLINS
_c1997
300 _a64
650 _aCHILDRENS STORY BOOK
_zUNITED KINGDOM
942 _cBK
999 _c55
_d55